000 00409nam a22001217a 4500
082 _a220 PRO
100 _aNC Muhammad Hamza Bashir PC Muhammad Obaid Ullah PC Adeel Ahmad Asim
_973111
245 _aPR-SOF-1950-Design and Analysis of Counter Rotating
260 _aISLAMABAD
_bNUST COLLEGE OF EME
_c2020
650 _aDE-COMP-38
700 _aProject Supervisor Asst. Prof. Zafar Bangash
_973112
942 _cCR
999 _c578973
_d578973